| 000 | 00499nam a2200181Ia 4500 | ||
|---|---|---|---|
| 003 | GCL | ||
| 008 | 140319s9999 xx 000 0 eng d | ||
| 040 |
_aGCL / _cGCL |
||
| 082 | 0 | 4 |
_aCC _b962.03 _bH C |
| 100 | 1 | _aNELLY HANNA | |
| 245 | 1 | 0 |
_aCONSTRUCTION WORK IN OTTOMAN CAIRO ( 1517 - 1798 ) / _cNELLY HANNA |
| 260 |
_a[S.N] : _bINSTITUT FRANCAIS DE RECHERCHE SCIENT ، _c1984 |
||
| 300 | _a71 P | ||
| 650 | 0 | 4 | _aEGYPT |
| 650 | 0 | 4 | _aOTTOMAN EMPIRE |
| 650 | 0 | 4 | _aEGYPT - HISTORY |
| 942 |
_2ddc _cBK |
||
| 999 |
_c15450 _d15450 |
||